|
|
|
|
| LEADER |
00958aam a22003258a 4500 |
| 001 |
00036786 |
| 005 |
20171026081023.0 |
| 008 |
170328s2016 ||||||viesd |
| 020 |
# |
# |
|a 97860453 7166 4
|
| 041 |
0 |
# |
|a vie
|
| 082 |
1 |
4 |
|a 781.62
|b H110R
|
| 100 |
1 |
# |
|a Hoàng, Minh Tường
|e Sưu tầm, tuyển chọn
|
| 245 |
1 |
0 |
|a Hát ru dân tộc Mường Thanh Hóa
|c Hoàng Minh Tường
|
| 260 |
# |
# |
|a Hà Nội
|b Hội Nhà Văn
|c 2016
|
| 300 |
# |
# |
|a 367 tr.
|c 21 cm.
|
| 500 |
# |
# |
|a ĐTTS ghi: Hội văn nghệ dân gian Việt Nam
|
| 653 |
# |
# |
|a Dân tộc Mường
|
| 653 |
# |
# |
|a Hát ru
|
| 653 |
# |
# |
|a Thanh Hóa
|
| 653 |
# |
# |
|a Âm nhạc dân gian
|
| 852 |
# |
# |
|b Kho đọc
|j KD.0019645
|
| 852 |
# |
# |
|j KD.0019645
|
| 910 |
|
|
|d 28/03/2017
|
| 980 |
# |
# |
|a Trung tâm Học liệu Lê Vũ Hùng, Trường Đại học Đồng Tháp
|